Nutrient requirements of dairy cattle / (Record no. 16117)

000 -LEADER
fixed length control field 00608pam a2200193 a 4500
020 ## - INTERNATIONAL STANDARD BOOK NUMBER
ISBN 030903826X
040 ## - CATALOGING SOURCE
Transcribing agency DLC
082 00 - DEWEY DECIMAL CLASSIFICATION NUMBER
Classification number 636 NAT 1988 A983 Or.
110 2# - MAIN ENTRY--CORPORATE NAME
Corporate name or jurisdiction name as entry element National Research Council (U.S.).
245 10 - TITLE STATEMENT
Title Nutrient requirements of dairy cattle /
250 ## - EDITION STATEMENT
Edition statement 6th rev. ed.
260 ## - PUBLICATION, DISTRIBUTION, ETC. (IMPRINT)
Place of publication Washington, D.C. :
Name of publisher National Academy Press,
Year of publication 1988.
300 ## - PHYSICAL DESCRIPTION
Number of Pages viii, 157 p. :
Other physical details ill. ;
Dimensions 29 cm. +
Accompanying material 1 computer disk (5 1/4 in.)
500 ## - GENERAL NOTE
General note System requirements for computer disk:PC or MS DOS; hard disk.
500 ## - GENERAL NOTE
General note Includes index.
650 #0 - SUBJECT ADDED ENTRY--TOPICAL TERM
Topical Term Dairy cattle
650 #0 - SUBJECT ADDED ENTRY--TOPICAL TERM
Topical Term Dairy cattle
942 ## - ADDED ENTRY ELEMENTS (KOHA)
Koha item type សៀវភៅភាសាអង់គ្លេស
952 ## - LOCATION AND ITEM INFORMATION (KOHA)
Withdrawn status [LOCAL, KOHA] 0
Holdings
Permanent Location Date acquired Koha item type Lost status Shelving location Barcode Current Location Full call number
Library Block A2018-01-12សៀវភៅភាសាអង់គ្លេស A083A14369Library Block A636 NAT 1988 A983 Or.
មជ្ឈមណ្ឌលឯការនៃសាកលវិទ្យាល័យភូមិន្ទកសិកម្មចំការដូង

Powered by Koha